Vplyv Spoločnej poľnohospodárskej politiky na vývoj likvidity za odvetvie slovenského poľnohospodárstva v rokoch 2000-2008

Posúdenie vývoja likvidity podnikov v rámci slovenského poľnohospodárstva pred vstupom do EÚ a po jeho vstupe do EÚ. Pomerové ukazovatele likvidity. Vývoj položiek likvidity v rokoch 2000-2008. Pohotová likvidita. Popisné charakteristiky pre ukazovateľ pohotovej likvidity za jednotlivé roky. Bežná...

Descrizione completa

Salvato in:
Dettagli Bibliografici
Autore principale: Gallová, Zuzana
Altri autori: Krutáková, Petra
Natura: Capitolo di libro
Lingua:slovacco
Soggetti:
Tags: Aggiungi Tag
Nessun Tag, puoi essere il primo ad aggiungerne!!

MARC

LEADER 00000nla$a2200000$$$4500
001 0124985
005 20221107085042.2
041 0 |a slo 
044 |a CZ 
245 1 0 |a Vplyv Spoločnej poľnohospodárskej politiky na vývoj likvidity za odvetvie slovenského poľnohospodárstva v rokoch 2000-2008  |c Zuzana Gallová, Petra Krutáková 
520 |a Posúdenie vývoja likvidity podnikov v rámci slovenského poľnohospodárstva pred vstupom do EÚ a po jeho vstupe do EÚ. Pomerové ukazovatele likvidity. Vývoj položiek likvidity v rokoch 2000-2008. Pohotová likvidita. Popisné charakteristiky pre ukazovateľ pohotovej likvidity za jednotlivé roky. Bežná likvidita. Popisné charakteristiky pre ukazovateľ bežnej likvidity za jednotlivé roky. Celková likvidita. Popisné charakteristiky pre ukazovateľ celkovej likvidity za jednotlivé roky . 
610 2 0 |a politika poľnohospodárska 
610 2 0 |a poľnohospodárstvo 
610 2 0 |a podnik poľnohospodársky 
610 2 0 |a likvidita podniku 
610 2 0 |a Slovensko 
100 1 |a Gallová, Zuzana 
700 1 |a Krutáková, Petra